Statistiques concernant Meilleurs buteurs de Ligue 1 depuis 2001

Cliquez ici pour prendre le quiz!

Statistiques générales

  • Ce quiz a été pris 1 982 fois
  • Le résultat moyen est 12 sur 16

Statistiques - réponses

SaisonClubNombre de butsJoueur% Correct
2012-2013Paris-Saint-Germain30Zlatan Ibrahimovic
97%
2015-2016Paris-Saint-Germain38Zlatan Ibrahimovic
97%
2013-2014Paris-Saint-Germain26Zlatan Ibrahimovic
96%
2011-2012Montpellier HSC21Olivier Giroud
93%
2014-2015Olympique lyonnais27Alexandre Lacazette
92%
2006-2007Paris-Saint-Germain15Pedro Miguel Pauleta
82%
2005-2006Paris-Saint-Germain21Pedro Miguel Pauleta
82%
2008-2009Toulouse FC24André-Pierre Gignac
77%
2001-2002AJ Auxerre22Djibril Cissé
77%
2003-2004AJ Auxerre26Djibril Cissé
77%
2007-2008Olympique lyonnais20Karim Benzema
77%
2009-2010Olympique de Marseille18Mamadou Niang
66%
2000-2001Olympique lyonnais22Sonny Anderson
60%
2010-2011Lille OSC25Moussa Sow
53%
2004-2005Stade rennais20Alexander Frei
37%
2002-2003AS Monaco26Shabani Nonda
33%

Distribution des résultats

Percentile par nombre de réponses

% des personnes avec chaque résultat

Votre développement - résultats

Vous n’avez pas pris ce quiz